| 000 | 00784nam a22002657a 4500 | ||
|---|---|---|---|
| 001 | 200442915 | ||
| 003 | TR-AnTOB | ||
| 005 | 20241211101829.0 | ||
| 008 | 190808s2004 xxua|||| |||| 00| 0 tu d | ||
| 020 | _a9757226343 | ||
| 040 |
_aNEU _beng _cTR-AnTOB _erda |
||
| 041 | 0 | _atur | |
| 060 |
_aWY 159 _bC63 2004 |
||
| 245 | 0 | 0 |
_aÇocuk sağlığı ve hastalıkları / _ceditör Prof. Dr. Şükrü Cin. |
| 250 | _a1. baskı | ||
| 264 | 1 |
_aAnkara : _bAntıp, _c2004. |
|
| 300 |
_a941 pages : _billustrations ; _c29 cm |
||
| 336 |
_2rdacontent _atext _btxt |
||
| 337 |
_2rdamedia _aunmediated _bn |
||
| 338 |
_2rdacarrier _avolume _bnc |
||
| 500 | _aIncludes index. | ||
| 650 | 0 |
_9349998 _aPediatric nursing _xHandbooks, manuals, etc. |
|
| 942 |
_2NLM _cBK |
||
| 999 |
_c200442915 _d61127 |
||